000 00827nam a2200265Ia 4500
003 OSt
005 20220918165532.0
006 a|||||r|||| 00| 0
007 ta
008 220917b |||||||| |||| 00| 0 eng d
020 _a8124603715 (hbk)
_c480
024 _a238,137
037 _b1999/I, 27/01/2009, Vidyanidhi Prakashan
_cTextual
040 _aARTS
_cARTS
_beng
041 _2eng
_aeng
082 _aR635, P7
100 _aBiswas Mukta
_924634
245 0 _aSamkhya - yoga epistemology
260 _aNew Delhi
_bD.K. Printworld (P) Ltd. India
_c2007
300 _axx, 244p.
_ccm.
490 _aContemporary reseaches in hindu philosophy & religion; no. 15
650 _aPHILOSOPHY
942 _hR635, P7
_cTEXL
_2CC
999 _c130243
_d130243